00616nam a2200169 a 450000100100000000500170001000800410002704000250006810000470009324500750014026000290021530000210024449000260026583000330029195201050032499900170042900004412020201002045148.0140516s1961 sp 000 0 spa d aDO-SdBNPbspacBNPHU1 aTierno Galván, Enriqued1918-198697212110aDesde el espectaculo a la trivialización /cEnrique Tierno Galván. aMadrid :bTaurus,c1961. a334 p. ;c22 cm.1 aEnsayistas de hoyv25 0aEnsayistas de hoyv25972122 001050718MOaGRbGRcHDd2014-05-16iLF1l0o p44120-10r2020-06-25w2020-06-25y1ZNo se presta c43609d43609